THEORY AND PRACTICAL OF PHYSICAL PHARMACY (Record no. 34442)

MARC details
000 -LEADER
fixed length control field 00306nam a22001337a 4500
003 - CONTROL NUMBER IDENTIFIER
control field SGT
020 ## - INTERNATIONAL STANDARD BOOK NUMBER
International Standard Book Number 9789390709434
082 ## - DEWEY DECIMAL CLASSIFICATION NUMBER
Classification number 615.19
Item number JAI
100 ## - MAIN ENTRY--PERSONAL NAME
Personal name JAIN GAURAV KUMAR
245 ## - TITLE STATEMENT
Title THEORY AND PRACTICAL OF PHYSICAL PHARMACY
260 ## - PUBLICATION, DISTRIBUTION, ETC. (IMPRINT)
Place of publication, distribution, etc INDIA
Name of publisher, distributor, etc CBS PUB
Year of Publication 2025
300 ## - PAGE DESCRIPTION
No. of Pages 403
942 ## - ADDED ENTRY ELEMENTS (KOHA)
Source of classification or shelving scheme Dewey Decimal Classification
Koha item type Books
Holdings
Withdrawn status Lost status Source of classification or shelving scheme Damaged status Not for loan Collection code Home library Current library Shelving location Date acquired Vendor Name Cost, normal purchase price SGTU Bill Number Total Checkouts Full call number Accession No. (Barcode) Date last seen Bill Date Koha item type Date last borrowed
    Dewey Decimal Classification     SCIENCE SGT Science & Social Sciences Library SGT Science & Social Sciences Library Text Book 25/03/2026 ABC 495.00 SGTU 22597   615.19 JAI DP1926 25/03/2026 09/03/2026 Books  
    Dewey Decimal Classification     SCIENCE SGT Science & Social Sciences Library SGT Science & Social Sciences Library Text Book 25/03/2026 ABC 495.00 SGTU 22597 1 615.19 JAI DP1927 08/05/2026 09/03/2026 Books 08/05/2026